The basics of librarianship

Bibliographic Details
Main Author: Harrison, Colin (Author)
Format: Book
Language:Undetermined
PhysicalDescription:218 s.
Published: London The Library Association 1981

MARC

LEADER 00000nam a2200000 a 4500
001 vtls001323998
003 SK-MaSNL
005 20260301005519.0
008 240318s1981 xx 0 und
035 |a SNK000276701 
040 |a SNK  |b slo  |c SNK  |e AACR2 
100 1 |a Harrison, Colin  |4 aut  |9 289938 
245 1 4 |a The basics of librarianship 
260 |a London  |b The Library Association  |c 1981 
300 |a 218 s. 
958 |a OND 
999 |c 545385  |d 547315 
952 |t P60, <04>, [BOOK], {604}  |a SNK  |b SNK  |y VYP  |7 0  |p 17A0096400  |o snkIC 90979  |0 0  |1 0  |4 0  |d 1998-03-10  |l 0  |r 2005-01-02 00:00:00  |w 2026-02-23